000 00764 a2200217 4500
999 _c9790
_d9790
022 _Ino issn
050 0 0 _aKTL19.A35 SOU 1972
100 _aDuncan, Graeme
_eeditor
110 _aSupreme Court of South Africa
245 0 4 _aSouth African law reports 1972(2) May :
_bDecisions of the Supreme Court of South Africa, South-West Africa division, High court of Rhodesia /
_cGraeme Duncan, M. Barnett ...et al
264 _aSouth Africa:
_bJuta and Company LTD
_c1972
300 _a385p.:
500 _aNo index
650 0 _aLaw reports, digests, etc
650 7 _aLaw reports, digests, etc.
651 7 _aSouth Africa.
700 1 _aBarnett, M.
_eeditor
700 1 _aBuchanan, J.L.
_eeditor
710 1 _aSouth Africa
942 _2lcc
_cSERIALS
_h19.A35
_iSOU
_kKTL